Países más cercanos a Ucrania - Estadísticas

Estadísticas generales
  • Esta prueba ha sido intentada 141 veces
  • La puntuación promedio es 17 de 20
Estadísticas de respuestas
km país % Correcto
0 Rusia
100%
0 Hungría
98%
0 Moldavia
98%
0 Bielorrusia
97%
0 Polonia
97%
0 Rumania
96%
148 Bulgaria
95%
0 Eslovaquia
93%
285 Serbia
92%
365 Turquía
91%
220 Lituania
89%
264 Chequia
88%
467 Letonia
87%
368 Croacia
85%
372 Austria
84%
432 Grecia
84%
436 Bosnia y Herzegovina
82%
469 Eslovenia
78%
417 Georgia
78%
468 Kazajistán
33%
No se encontraron pruebas coincidentes
Distribución de puntuación
Porcentaje de gente con cada puntuación
Porcentaje por número respondido
Historial de tus puntuaciones
No has intentado esta prueba.